000 00716cam a22002055a 4500
001 ##L134228
008 060718s1951 xxk 000 0 eng u
035 _a(Sirsi) u134228
041 0 _aeng
050 0 4 _a333.0062 $2 18
110 2 _aIncorporated Society of Auctioneers and Landed Property Agents
_94878
245 0 0 _aIntermediate examination
_bApril 1951
260 _aLondon
_bISALPA
_c1951
300 _a40p.
_c22cm.
505 2 _aSection 1 General practitioners -- Section 2 Agricultural practitioners -- Section 3 Housing managers -- Section 4 Chattel auctioneers and valuers
520 _aExamination paper.
651 4 _aUnited Kingdom
_y
690 _aABOUT RICS-RELATED ORGANISATIONS
942 _n0
999 _c105603
_d105603